Spanish step by step (Record no. 34907)

MARC details
000 -LEADER
fixed length control field 00430nam a2200169Ia 4500
020 ## - INTERNATIONAL STANDARD BOOK NUMBER
ISBN 0- 922066- 28- 0
050 ## - CALL MARK
Classification number PC 4129 .E5B4/
100 ## - STATEMENT OF RESPONSIBILITY--MAIN AUTHOR NAME
Personal name Charles Berlitz
245 #0 - TITLE STATEMENT
Title Spanish step by step
260 ## - PUBLICATION, DISTRIBUTION, ETC. (IMPRINT)
Name of publisher Wynwood
260 ## - PUBLICATION, DISTRIBUTION, ETC. (IMPRINT)
Year of publication 1990
300 ## - PHYSICAL DESCRIPTION
Number of Pages 336 p
650 ## - SUBJECT ADDED ENTRY--TOPICAL TERM
Topical Term Spanish language- textbooks for foreign speakers- English
942 ## - ADDED ENTRY ELEMENTS (KOHA)
Koha item type Books
Holdings
Withdrawn status Lost status Source of classification or shelving scheme Damaged status Not for loan Permanent Location Current Location Date acquired Accession Number Price effective from Koha item type
    Library of Congress Classification     NILE UNIVERSITY OF NIGERIA - MAIN LIBRARY NILE UNIVERSITY OF NIGERIA - MAIN LIBRARY 04/23/2025 0005228 04/23/2025 Books